Metrology for Engineering (Record no. 371)

MARC details
005 - DATE AND TIME OF LATEST TRANSACTION
control field 20250313111323.0
020 ## - INTERNATIONAL STANDARD BOOK NUMBER
International Standard Book Number 0 304 93434 8
082 ## - DEWEY DECIMAL CLASSIFICATION NUMBER
Classification number 389.1 GAL
100 ## - MAIN ENTRY--PERSONAL NAME
Author name GALYER, J. F. W.
245 ## - TITLE STATEMENT
Title Metrology for Engineering
250 ## - EDITION STATEMENT
Edition statement 3rd Ed.
260 ## - PUBLICATION, DISTRIBUTION, ETC.
Place of publication, distribution, etc. London
Name of publisher, distributor, etc. Cassell
Date of publication, distribution, etc. 1977
300 ## - PHYSICAL DESCRIPTION
Extent vii,235p., ill., pictures, tables
Other physical details Bibliography, Index
Dimensions 24cm.
700 ## - ADDED ENTRY--PERSONAL NAME
Other authors/Editors SHOTBOLT, C. R.
942 ## - ADDED ENTRY ELEMENTS (KOHA)
Source of classification or shelving scheme Dewey Decimal Classification
Koha item type Books
Holdings
Date last seen Total checkouts Full call number Barcode Cost, replacement price Price effective from Koha item type Lost status Source of classification or shelving scheme Damaged status Not for loan Withdrawn status Home library Current library Shelving location Date acquired Cost, normal purchase price
03/11/2025   389.1 GAL, L.M. 000000870 90000.00 03/11/2025 Books   Dewey Decimal Classification       College of Business Education Main Library College of Business Education Main Library General Collection 03/11/2025 30000.00
03/11/2025   389.1 GAL, L.M. 000000871 90000.00 03/11/2025 Books   Dewey Decimal Classification       College of Business Education Main Library College of Business Education Main Library General Collection 03/11/2025 30000.00
03/11/2025   389.1 GAL, L.M. 000000872 90000.00 03/11/2025 Books   Dewey Decimal Classification       College of Business Education Main Library College of Business Education Main Library General Collection 03/11/2025 30000.00